Limited Inc

Αποθηκεύτηκε σε:
Λεπτομέρειες βιβλιογραφικής εγγραφής
Κύριος συγγραφέας: Derrida, Jacques
Μορφή: Βιβλίο
Γλώσσα:English
French
Δημοσίευση: Evanston, Il. : Northwestern University Press, c1988.
Θέματα:
Ετικέτες: Προσθήκη ετικέτας
Δεν υπάρχουν, Καταχωρήστε ετικέτα πρώτοι!

MARC

LEADER 00000cam a2200000 i 4500
001 1/73137
008 080201s1988 ilu| ||| |||| ||eng||
020 |a 0810107880 
035 |l 10094323 
040 |a GR-MyUa  |b gre  |e AACR2 
041 1 |a eng  |h fre 
082 7 |a 801.95   |2 (22) 
100 1 |a Derrida, Jacques. 
245 1 0 |a Limited Inc /   |c Jacques Derrida.  
260 |a Evanston, Il. :   |b Northwestern University Press,   |c c1988.  
300 |a viii, 160 σ. ;   |c 23 εκ. 
504 |a Περιλαμβάνει βιβλιογραφίες.  
650 0 |a Decostruction. 
852 |a INST  |b SYROS  |e 20080201  |h 801.95 DER  |p 005500006604  |q 005500006604  |t BK  |y 0 
901 |a BIBL5-2008-1 
922 |a 5ΕΛΗ  |b 200709  |c Βιβλιοθήκη Σύρου  |d Glorybook 
970 |a Καγιαβά  |b Ειρήνη  |z 01/02/2008